000 00521nam a22001817a 4500
005 20251108172055.0
008 250721s1997 xx 000 0 ara d
082 1 4 _a928.1/شار
100 1 _aعبد الماجد، عمر
_eمترجم
245 1 0 _aشارل بودلير: شاعر الخطيئة و التمرد /
264 1 _aعمان :
_bدار البشير،
_c1997.
300 _a133ص.
650 1 7 _aالتراجم
650 1 7 _aالشعراء
650 1 7 _aفرنسا
942 _2ddc
_cBK
999 _c69783
_d69783